<?xml version="1.0" encoding="UTF-8"?>
<record
    xmlns:xsi="http://www.w3.org/2001/XMLSchema-instance"
    xsi:schemaLocation="http://www.loc.gov/MARC21/slim http://www.loc.gov/standards/marcxml/schema/MARC21slim.xsd"
    xmlns="http://www.loc.gov/MARC21/slim">

  <leader>00414nam a22001577a 4500</leader>
  <controlfield tag="005">20260302094630.0</controlfield>
  <controlfield tag="008">260302b        |||||||| |||| 00| 0 eng d</controlfield>
  <datafield tag="020" ind1=" " ind2=" ">
    <subfield code="a">978-178578-342-5</subfield>
  </datafield>
  <datafield tag="100" ind1=" " ind2=" ">
    <subfield code="a">MAY, ANDREW</subfield>
  </datafield>
  <datafield tag="245" ind1=" " ind2=" ">
    <subfield code="a">ASTROBIOLOGY</subfield>
    <subfield code="b">THE SERACH FOR LIFE ELSEWHERE IN THE UNIVERSE</subfield>
  </datafield>
  <datafield tag="260" ind1=" " ind2=" ">
    <subfield code="a">LONDON</subfield>
    <subfield code="b">ICON</subfield>
    <subfield code="c">2019</subfield>
  </datafield>
  <datafield tag="300" ind1=" " ind2=" ">
    <subfield code="a">168P.</subfield>
  </datafield>
  <datafield tag="500" ind1=" " ind2=" ">
    <subfield code="a">INCLUDES INDEX</subfield>
  </datafield>
  <datafield tag="650" ind1=" " ind2=" ">
    <subfield code="a">ASTRONOMY</subfield>
  </datafield>
  <datafield tag="942" ind1=" " ind2=" ">
    <subfield code="2">lcc</subfield>
    <subfield code="c">BK</subfield>
  </datafield>
  <datafield tag="999" ind1=" " ind2=" ">
    <subfield code="c">216728</subfield>
    <subfield code="d">216728</subfield>
  </datafield>
  <datafield tag="952" ind1=" " ind2=" ">
    <subfield code="0">0</subfield>
    <subfield code="1">0</subfield>
    <subfield code="2">lcc</subfield>
    <subfield code="4">0</subfield>
    <subfield code="6">QB0054 M39  02019</subfield>
    <subfield code="7">0</subfield>
    <subfield code="8">SCT</subfield>
    <subfield code="9">375869</subfield>
    <subfield code="a">KSUL</subfield>
    <subfield code="b">KSUL</subfield>
    <subfield code="c">DISPLAY</subfield>
    <subfield code="d">2026-03-02</subfield>
    <subfield code="i">111992</subfield>
    <subfield code="l">1</subfield>
    <subfield code="o">QB 54 .M39 2019</subfield>
    <subfield code="p">000000024073</subfield>
    <subfield code="r">2026-03-17 16:19:09</subfield>
    <subfield code="s">2026-03-14</subfield>
    <subfield code="t">1</subfield>
    <subfield code="w">2026-03-02</subfield>
    <subfield code="y">BK</subfield>
  </datafield>
  <datafield tag="952" ind1=" " ind2=" ">
    <subfield code="0">0</subfield>
    <subfield code="1">0</subfield>
    <subfield code="2">lcc</subfield>
    <subfield code="4">0</subfield>
    <subfield code="6">QB0054 M39  02019</subfield>
    <subfield code="7">0</subfield>
    <subfield code="8">SCT</subfield>
    <subfield code="9">375870</subfield>
    <subfield code="a">KSUL</subfield>
    <subfield code="b">KSUL</subfield>
    <subfield code="c">DISPLAY</subfield>
    <subfield code="d">2026-03-02</subfield>
    <subfield code="i">111993</subfield>
    <subfield code="l">0</subfield>
    <subfield code="o">QB 54 .M39 2019</subfield>
    <subfield code="p">000000024060</subfield>
    <subfield code="r">2026-03-02 09:48:00</subfield>
    <subfield code="t">2</subfield>
    <subfield code="w">2026-03-02</subfield>
    <subfield code="y">BK</subfield>
  </datafield>
  <datafield tag="952" ind1=" " ind2=" ">
    <subfield code="0">0</subfield>
    <subfield code="1">0</subfield>
    <subfield code="2">lcc</subfield>
    <subfield code="4">0</subfield>
    <subfield code="6">QB0054 M39  02019</subfield>
    <subfield code="7">0</subfield>
    <subfield code="8">SCT</subfield>
    <subfield code="9">375871</subfield>
    <subfield code="a">KSUL</subfield>
    <subfield code="b">KSUL</subfield>
    <subfield code="c">DISPLAY</subfield>
    <subfield code="d">2026-03-02</subfield>
    <subfield code="i">111994</subfield>
    <subfield code="l">0</subfield>
    <subfield code="o">QB 54 .M39 2019</subfield>
    <subfield code="p">000000024061</subfield>
    <subfield code="r">2026-03-02 09:48:00</subfield>
    <subfield code="t">3</subfield>
    <subfield code="w">2026-03-02</subfield>
    <subfield code="y">BK</subfield>
  </datafield>
  <datafield tag="952" ind1=" " ind2=" ">
    <subfield code="0">0</subfield>
    <subfield code="1">0</subfield>
    <subfield code="2">lcc</subfield>
    <subfield code="4">0</subfield>
    <subfield code="6">QB0054 M39  02019</subfield>
    <subfield code="7">0</subfield>
    <subfield code="8">SCT</subfield>
    <subfield code="9">375872</subfield>
    <subfield code="a">KSUL</subfield>
    <subfield code="b">KSUL</subfield>
    <subfield code="c">DISPLAY</subfield>
    <subfield code="d">2026-03-02</subfield>
    <subfield code="i">111995</subfield>
    <subfield code="l">0</subfield>
    <subfield code="o">QB 54 .M39 2019</subfield>
    <subfield code="p">000000024065</subfield>
    <subfield code="r">2026-03-02 09:48:00</subfield>
    <subfield code="t">4</subfield>
    <subfield code="w">2026-03-02</subfield>
    <subfield code="y">BK</subfield>
  </datafield>
  <datafield tag="952" ind1=" " ind2=" ">
    <subfield code="0">0</subfield>
    <subfield code="1">0</subfield>
    <subfield code="2">lcc</subfield>
    <subfield code="4">0</subfield>
    <subfield code="6">QB0054 M39  02019</subfield>
    <subfield code="7">0</subfield>
    <subfield code="8">SCT</subfield>
    <subfield code="9">375873</subfield>
    <subfield code="a">KSUL</subfield>
    <subfield code="b">KSUL</subfield>
    <subfield code="c">DISPLAY</subfield>
    <subfield code="d">2026-03-02</subfield>
    <subfield code="i">111996</subfield>
    <subfield code="l">0</subfield>
    <subfield code="o">QB 54 .M39 2019</subfield>
    <subfield code="p">000000024064</subfield>
    <subfield code="r">2026-03-02 09:48:00</subfield>
    <subfield code="t">5</subfield>
    <subfield code="w">2026-03-02</subfield>
    <subfield code="y">BK</subfield>
  </datafield>
</record>
